Harry Potter: la Legilimancie - Statistiques

Statistiques générales
  • Ce quiz a été pris 50 fois
  • Le résultat moyen est 6 sur 9
Statistiques - réponses
Information Réponses % Correct
Legilimens connu Severus Rogue
93%
Première apparition Harry Potter et l'Ordre du Phénix
91%
Dernière apparition Harry Potter et l'Ordre du Phénix
91%
Legilimens connu Tom Jedusor
91%
Legilimens connu Albus Dumbledore
86%
But Lire dans les pensées
84%
Legilimens connu Salazar Serpentard
21%
Legilimens connu Queenie Goldstein
14%
Legilimens connu Choixpeau magique
12%
Aucun quiz correspondant
Distribution des résultats
% des personnes avec chaque résultat
Percentile par nombre de réponses
Votre historique - résultats
Vous n’avez pas pris ce quiz